| 000 -LEADER |
| fixed length control field |
00484nam a22000977a 4500 |
| 008 - FIXED-LENGTH DATA ELEMENTS--GENERAL INFORMATION |
| fixed length control field |
170116b xxu||||| |||| 00| 0 eng d |
| 100 ## - MAIN ENTRY--AUTHOR'S NAME |
| Author's Name |
Bierman, Stanley |
| 245 ## - TITLE STATEMENT |
| Title |
A list of handbooks, periodicals and auction catalogs in the Bierman Philatelic Library |
| 260 ## - PUBLICATION, DISTRIBUTION, ETC. (IMPRINT) |
| Name of publisher, distributor, etc. |
Stanley M. Bierman |
| Date of publication, distribution, etc. |
1985 |
| 650 ## - TOPICAL TERM (Tag) |
| Topical term or geographic name |
Library Catalogs | United States -- California | Libraries and Museums | Bibliographies | Periodicals | Auction Catalogs | Great Britain -- Bibliographies | Bierman Philatelic Library |